00477nam a2200181 a 4500001001300000003000900013005001700022008004100039020001000080082001700090100002500107245003500132260004000167300000900207500003500216650001900251700002500270nice12345678IN_TiNIC20260116011548.0080130s1926 lona grp 000 0 eng  ac10000a892.73bLAN1 aLane, Edward William aArabian Nights` Entertainments aLondon bG.Bell and Sons Ltd c1926 a388p aincludes index and biblioraphy aArabic-Fiction1 aLane, Edward William